[Event "II Festival A"]
[Site "Bisaccia ITA"]
[Date "2010.06.01"]
[Round "6"]
[White "Consalvo, Gerardo"]
[Black "Sirena, Gianni"]
[Result "1-0"]
[WhiteElo "2013"]
[BlackElo "1974"]
[PlyCount "81"]
[EventDate "2010.05.29"]

1. e4 d6 2. d4 Nf6 3. Nc3 g6 4. Be3 c6 5. Qd2 Nbd7 6. Nf3 b5 7. Bd3 a6 8. a4 b4
9. Ne2 a5 10. O-O Bg7 11. h3 O-O 12. g4 Qc7 13. Ng3 c5 14. c3 c4 15. Be2 b3 16.
Nh2 Bb7 17. Bf3 Nb6 18. Bg2 Bc6 19. g5 Nfd7 20. f4 Nxa4 21. f5 Nab6 22. Ng4 f6
23. h4 a4 24. h5 a3 25. hxg6 axb2 26. gxh7+ Kh8 27. Rxa8 Rxa8 28. g6 Nf8 29.
Nh6 Be8 30. Nh5 e5 31. Nxg7 Kxg7 32. Ng4 Nxh7 33. gxh7 Qf7 34. dxe5 Na4 35.
Bh6+ Kh8 36. Qxd6 Nxc3 37. e6 Qxh7 38. Qf8+ Qg8 39. Qxf6+ Kh7 40. Qh4 Ne2+ 41.
Kh2 1-0

[Event "II Festival A"]
[Site "Bisaccia ITA"]
[Date "2010.06.01"]
[Round "6"]
[White "Dragojlovic, Andjelko"]
[Black "Ciavarra, Luigi"]
[Result "1-0"]
[WhiteElo "2403"]
[BlackElo "1960"]
[PlyCount "65"]
[EventDate "2010.05.29"]

1. e4 d6 2. d4 g6 3. Nf3 Bg7 4. Nc3 Nc6 5. h3 a6 6. a4 Nf6 7. Bg5 h6 8. Be3 e6
9. a5 Qe7 10. Be2 Bd7 11. O-O g5 12. e5 Nh7 13. exd6 cxd6 14. d5 Ne5 15. dxe6
fxe6 16. Ne4 Nf7 17. c3 O-O 18. Re1 Nf6 19. Ng3 Nd5 20. Bd4 Nf4 21. Bxg7 Kxg7
22. Bxa6 e5 23. Bxb7 Ra7 24. a6 Nd8 25. Be4 Kh8 26. c4 Bxh3 27. gxh3 Nxh3+ 28.
Kf1 Qe6 29. Qd5 Qf6 30. Nh5 Qe7 31. Red1 Rd7 32. c5 g4 33. cxd6 1-0

[Event "II Festival A"]
[Site "Bisaccia ITA"]
[Date "2010.06.01"]
[Round "6"]
[White "Forlano, Luigi"]
[Black "Kizov, Atanas"]
[Result "0-1"]
[WhiteElo "2024"]
[BlackElo "2394"]
[PlyCount "53"]
[EventDate "2010.05.29"]

1. e4 c5 2. Nc3 g6 3. f4 Bg7 4. Nf3 a6 5. g3 e6 6. d4 cxd4 7. Nxd4 Ne7 8. Be3
b5 9. Bg2 Bb7 10. Qd2 d5 11. e5 Nd7 12. O-O h5 13. h3 Nf5 14. Nxf5 gxf5 15.
Rfe1 Bf8 16. Rad1 Nc5 17. Bxc5 Bxc5+ 18. Kh2 Qb6 19. Bxd5 exd5 20. Nxd5 Bxd5
21. Qxd5 Rd8 22. Qf3 Ke7 23. e6 Rxd1 24. Rxd1 fxe6 25. Qc3 Rg8 26. Qd3 h4 27.
g4 0-1

[Event "II Festival A"]
[Site "Bisaccia ITA"]
[Date "2010.06.01"]
[Round "6"]
[White "Franciosi, Fausto"]
[Black "Fiore, Mario"]
[Result "0-1"]
[WhiteElo "1967"]
[BlackElo "2223"]
[PlyCount "36"]
[EventDate "2010.05.29"]

1. e4 c5 2. Nf3 e6 3. d3 Nc6 4. g3 g6 5. Bg2 Bg7 6. O-O Nge7 7. Re1 h6 8. c3 d5
9. Nbd2 b6 10. Nf1 Bb7 11. h4 Qd7 12. N1h2 O-O-O 13. e5 Kb8 14. a3 c4 15. b3
cxb3 16. Qxb3 Ba6 17. Qc2 Rc8 18. a4 Nb4 0-1

[Event "II Festival A"]
[Site "Bisaccia ITA"]
[Date "2010.06.01"]
[Round "6"]
[White "Galasso, Luigi"]
[Black "Vespe, Francesco"]
[Result "0-1"]
[WhiteElo "2051"]
[BlackElo "1979"]
[PlyCount "62"]
[EventDate "2010.05.29"]

1. c4 e6 2. e3 Nf6 3. Nf3 b6 4. d4 Bb7 5. Nc3 Bb4 6. Bd2 O-O 7. a3 Bxc3 8. Bxc3
Ne4 9. Rc1 d6 10. Bd3 f5 11. O-O Nd7 12. Qe2 Ndf6 13. Nd2 Nxd2 14. Bxd2 Ne4 15.
Be1 c5 16. f3 Nf6 17. Bf2 Qd7 18. Rcd1 Rad8 19. Rfe1 Rfe8 20. Bc2 Qf7 21. Rd2
cxd4 22. exd4 Ba6 23. b3 d5 24. Bd3 Bb7 25. cxd5 Nxd5 26. Bh4 Nf4 27. Qf1 Rxd4
28. Red1 Rxd3 29. Rxd3 Ba6 30. Rd8 Bxf1 31. Rxe8+ Qxe8 0-1

[Event "II Festival A"]
[Site "Bisaccia ITA"]
[Date "2010.06.01"]
[Round "6"]
[White "Gentile, Leonardo"]
[Black "Rotelli, Pietro"]
[Result "0-1"]
[WhiteElo "1816"]
[BlackElo "1993"]
[PlyCount "112"]
[EventDate "2010.05.29"]

1. d4 d5 2. c4 c6 3. e3 Nf6 4. cxd5 cxd5 5. Nc3 a6 6. Nf3 e6 7. Be2 Nc6 8. b3
Bb4 9. Bb2 Ne4 10. Qc2 O-O 11. O-O Nxc3 12. Bxc3 Bd7 13. Rac1 Rc8 14. Qb2 Qe7
15. Bxb4 Qxb4 16. Rc3 Qd6 17. Rfc1 Qb8 18. Qb1 h6 19. b4 Qd6 20. a3 Na7 21. Ne5
Rxc3 22. Rxc3 Bb5 23. Bxb5 Nxb5 24. Rb3 Rc8 25. g3 Qc7 26. Qb2 Qc1+ 27. Qxc1
Rxc1+ 28. Kg2 Ra1 29. Nd7 Rxa3 30. Rxa3 Nxa3 31. Nc5 Nc2 32. Nxb7 Nxb4 33. Na5
Kf8 34. Kf3 Ke7 35. Ke2 Kd7 36. Kd2 Kc7 37. Kc3 Nc6 38. Nxc6 Kxc6 39. Kb4 Kb6
40. g4 g5 41. h3 a5+ 42. Ka4 Ka6 43. Kb3 Kb5 44. Ka3 f6 45. f3 e5 46. Kb3 a4+
47. Ka3 exd4 48. exd4 Ka5 49. Kb2 Kb4 50. Ka2 a3 51. Ka1 Kc3 52. Ka2 Kxd4 53.
Kxa3 Ke3 54. Kb3 Kxf3 55. Kc3 Kg3 56. Kd4 Kxh3 0-1

[Event "II Festival A"]
[Site "Bisaccia ITA"]
[Date "2010.06.01"]
[Round "6"]
[White "Laketic, Gojko"]
[Black "Lattanzio, Savino"]
[Result "1-0"]
[WhiteElo "2453"]
[BlackElo "2025"]
[PlyCount "78"]
[EventDate "2010.05.29"]

1. e4 c5 2. Nf3 e6 3. d3 d5 4. Nbd2 g6 5. g3 Bg7 6. Bg2 Ne7 7. O-O O-O 8. Re1
Nbc6 9. e5 f6 10. exf6 Bxf6 11. Nb3 b6 12. Bh6 Re8 13. c3 Nf5 14. Bc1 a5 15. a4
e5 16. h4 Ra7 17. Bg5 Bxg5 18. Nxg5 h6 19. Nf3 g5 20. hxg5 hxg5 21. Nbd2 g4 22.
Nh2 Nh6 23. Ndf1 Be6 24. Ne3 Rd7 25. Nexg4 Nxg4 26. Nxg4 Qg5 27. Nh2 Ree7 28.
Qb3 Rh7 29. Qxb6 Qh6 30. Nf3 Bh3 31. Nh4 Bxg2 32. Kxg2 Rdg7 33. Qxc5 Qe6 34.
Rh1 e4 35. Rae1 Ne7 36. c4 Qg4 37. cxd5 exd3 38. d6 d2 39. dxe7 dxe1=Q 1-0

[Event "II Festival A"]
[Site "Bisaccia ITA"]
[Date "2010.06.01"]
[Round "6"]
[White "Lamberti, Valerio"]
[Black "Paduano, Gennaro"]
[Result "0-1"]
[WhiteElo "1813"]
[BlackElo "1946"]
[PlyCount "92"]
[EventDate "2010.05.29"]

1. e4 c5 2. Nf3 e6 3. d4 cxd4 4. Nxd4 Nf6 5. Nc3 Bb4 6. Bd3 e5 7. Nf3 d5 8. a3
Bxc3+ 9. bxc3 dxe4 10. Bb5+ Bd7 11. Nxe5 Bxb5 12. Qxd8+ Kxd8 13. Nxf7+ Ke7 14.
Nxh8 Nc6 15. a4 Ba6 16. Ba3+ Ke6 17. Ng6 hxg6 18. O-O-O Nd5 19. Bb4 Bc4 20.
Rhe1 Kf5 21. f3 Rd8 22. Kb2 b6 23. Rd2 a5 24. Ba3 Rd7 25. Red1 Nb8 26. Rd4 Nf6
27. Rxd7 Nbxd7 28. Bd6 g5 29. g4+ Ke6 30. Rd4 Bf1 31. h4 gxh4 32. g5 Nh7 33.
Bf4 Bg2 34. Kc1 Bxf3 35. Kd2 h3 36. Ke3 Nxg5 37. Rd6+ Ke7 38. Rg6 Ne6 39. Bh2
Ndc5 40. Rg3 Bg2 41. Kd2 Nxa4 42. c4 Nac5 43. Kc3 Kf6 44. Re3 Ng5 45. Kd4 Nf3+
46. Rxf3+ Bxf3 0-1

[Event "II Festival A"]
[Site "Bisaccia ITA"]
[Date "2010.06.01"]
[Round "6"]
[White "Martorelli, Antonio"]
[Black "Carnicelli, Valerio"]
[Result "1-0"]
[WhiteElo "2259"]
[BlackElo "1821"]
[PlyCount "35"]
[EventDate "2010.05.29"]

1. e4 e5 2. Nf3 Nc6 3. d4 exd4 4. Nxd4 Nf6 5. Nxc6 bxc6 6. e5 Qe7 7. Qe2 Nd5 8.
c4 Ba6 9. Nd2 Nb4 10. Nf3 c5 11. b3 d5 12. Ba3 dxc4 13. Bxb4 cxb4 14. Qe4 Rd8
15. Qc6+ Qd7 16. Qxa6 Bc5 17. Bxc4 O-O 18. O-O 1-0

[Event "II Festival A"]
[Site "Bisaccia ITA"]
[Date "2010.06.01"]
[Round "6"]
[White "Naumkin, Igor"]
[Black "Vuelban, Virgilio"]
[Result "1-0"]
[WhiteElo "2480"]
[BlackElo "2369"]
[PlyCount "59"]
[EventDate "2010.05.29"]

1. d4 Nf6 2. Nf3 g6 3. c4 Bg7 4. Nc3 O-O 5. e4 d6 6. Be2 e5 7. O-O exd4 8. Nxd4
Re8 9. f3 Nc6 10. Nc2 Nd7 11. Be3 Nc5 12. Qd2 a5 13. Rad1 b6 14. Kh1 Bb7 15.
Nd5 Ne6 16. b3 Ne7 17. Bf2 Nc6 18. Qe1 f6 19. Bh4 Ng5 20. Qd2 Nb8 21. Nce3 Nd7
22. Ng4 Nf7 23. f4 g5 24. fxg5 fxg5 25. Rxf7 Kxf7 26. Bxg5 Qc8 27. Rf1+ Kg8 28.
Bh6 Qd8 29. Bxg7 Bxd5 30. Ba1 1-0

[Event "II Festival A"]
[Site "Bisaccia ITA"]
[Date "2010.06.01"]
[Round "6"]
[White "Rossetti, Giovanni"]
[Black "Scipioni, Gaetano"]
[Result "0-1"]
[WhiteElo "1903"]
[BlackElo "2048"]
[PlyCount "102"]
[EventDate "2010.05.29"]

1. e4 d5 2. exd5 Qxd5 3. Nc3 Qa5 4. d4 Nf6 5. Bc4 c6 6. Nge2 Bf5 7. O-O e6 8.
Ng3 Bd6 9. Nce2 Bg6 10. c3 Qc7 11. h3 h5 12. Re1 h4 13. Nf1 Nbd7 14. Qb3 O-O-O
15. a4 Rh5 16. Be3 Nd5 17. Bxd5 exd5 18. a5 a6 19. c4 dxc4 20. Qxc4 Rxa5 21.
Rxa5 Qxa5 22. Rc1 Nb6 23. Qb3 Nd5 24. Bd2 Qb6 25. Qxb6 Nxb6 26. Bg5 Re8 27. Nc3
Be7 28. Bxe7 Rxe7 29. d5 c5 30. Ne3 Kd8 31. Ncd1 Nd7 32. f3 b6 33. Kf2 Ne5 34.
Ra1 a5 35. f4 Nd3+ 36. Kf3 Be4+ 37. Kg4 f5+ 38. Kg5 Kc7 39. Nc3 Nxb2 40. Nxf5
Bxf5 41. Kxf5 Kd6 42. Rb1 Nc4 43. Kg5 Re3 44. Nb5+ Kxd5 45. Kxh4 a4 46. Rc1 a3
47. g4 Rb3 48. Nc3+ Rxc3 49. Rxc3 b5 50. Kg5 b4 51. Rc1 b3 0-1

[Event "II Festival A"]
[Site "Bisaccia ITA"]
[Date "2010.06.01"]
[Round "6"]
[White "Sanchez, Joseph"]
[Black "Piscopo, Pierluigi"]
[Result "1/2-1/2"]
[WhiteElo "2478"]
[BlackElo "2426"]
[PlyCount "68"]
[EventDate "2010.05.29"]

1. e4 c5 2. Nf3 Nc6 3. d4 cxd4 4. Nxd4 e5 5. Nb5 d6 6. N1c3 a6 7. Na3 b5 8. Nd5
Nf6 9. Bg5 Qa5+ 10. Bd2 Qd8 11. Be3 Rb8 12. c4 b4 13. Nxf6+ Qxf6 14. Nb1 Qg6
15. Nd2 Be7 16. h4 O-O 17. h5 Qf6 18. g3 Bd8 19. h6 g6 20. c5 dxc5 21. Bxc5 Bb6
22. Bxb6 Rxb6 23. Nc4 Rb8 24. Qd6 Qxd6 25. Nxd6 Nd4 26. Bd3 Be6 27. f4 Rfd8 28.
Nc4 b3 29. Kf2 bxa2 30. Rxa2 Rb4 31. Rc1 exf4 32. gxf4 Nb3 33. Rc3 Nc5 34. Raa3
Nxe4+ 1/2-1/2

[Event "II Festival A"]
[Site "Bisaccia ITA"]
[Date "2010.06.01"]
[Round "6"]
[White "Seletsky, Grigory"]
[Black "Lazic, Miroljub"]
[Result "1/2-1/2"]
[WhiteElo "2337"]
[BlackElo "2494"]
[PlyCount "63"]
[EventDate "2010.05.29"]

1. e4 d6 2. d4 Nf6 3. Nc3 e5 4. Nge2 c6 5. a4 Be7 6. g3 exd4 7. Nxd4 d5 8. exd5
Nxd5 9. Nce2 O-O 10. c3 Bg4 11. h3 Bh5 12. g4 Bg6 13. Bg2 Re8 14. O-O Bd6 15.
Ng3 Na6 16. Ndf5 Bxg3 17. fxg3 Bxf5 18. gxf5 Qb6+ 19. Kh2 Rad8 20. Qg4 Nf6 21.
Qf3 Nc7 22. Bg5 Ncd5 23. b4 h6 24. a5 Qc7 25. Bxf6 Nxf6 26. a6 b6 27. Rad1 Nd5
28. Rfe1 b5 29. Qf2 Nxc3 30. Rxd8 Rxd8 31. Qc5 Rd7 32. Re3 1/2-1/2

[Event "II Festival A"]
[Site "Bisaccia ITA"]
[Date "2010.06.01"]
[Round "6"]
[White "Tratar, Marko"]
[Black "Salvador, Roland"]
[Result "1/2-1/2"]
[WhiteElo "2507"]
[BlackElo "2485"]
[PlyCount "27"]
[EventDate "2010.05.29"]

1. Nf3 Nf6 2. c4 e6 3. Nc3 b6 4. g3 Bb7 5. Bg2 Bb4 6. Qc2 O-O 7. O-O d6 8. b3
Bxc3 9. Qxc3 Nbd7 10. Bb2 a5 11. d4 Ne4 12. Qc2 f5 13. Ne1 Qe7 14. Nd3 1/2-1/2

[Event "II Festival A"]
[Site "Bisaccia ITA"]
[Date "2010.06.01"]
[Round "6"]
[White "Varvaglione, Antonio"]
[Black "Bianco, Raffaele"]
[Result "0-1"]
[WhiteElo "1905"]
[BlackElo "2066"]
[PlyCount "72"]
[EventDate "2010.05.29"]

1. e4 e5 2. Nf3 Nc6 3. Bb5 a6 4. Bxc6 dxc6 5. O-O f6 6. d4 exd4 7. Nxd4 c5 8.
Nb3 Qxd1 9. Rxd1 Bg4 10. f3 Bd7 11. Bf4 O-O-O 12. Nc3 c4 13. Na5 Bc5+ 14. Kh1
b5 15. a4 Ne7 16. Nd5 Nxd5 17. Rxd5 Bb6 18. axb5 Bxb5 19. g4 Rxd5 20. exd5 Re8
21. b3 cxb3 22. Nxb3 Rd8 23. Nd2 g5 24. c4 gxf4 25. cxb5 axb5 26. Ne4 Bd4 27.
Rd1 Be5 28. Kg2 Kd7 29. Rb1 Rb8 30. Kf2 b4 31. g5 fxg5 32. Nxg5 b3 33. Ne4 b2
34. h3 Ra8 35. Nc5+ Kd6 36. Nd3 Ra1 0-1

[Event "II Festival A"]
[Site "Bisaccia ITA"]
[Date "2010.06.02"]
[Round "7"]
[White "Bianco, Raffaele"]
[Black "Forlano, Luigi"]
[Result "1-0"]
[WhiteElo "2066"]
[BlackElo "2024"]
[PlyCount "89"]
[EventDate "2010.05.29"]

1. e4 c5 2. d3 Nc6 3. Nf3 g6 4. g3 Bg7 5. Bg2 d6 6. O-O Nf6 7. Nbd2 Rb8 8. a4
a6 9. Nc4 d5 10. exd5 Nxd5 11. a5 O-O 12. Re1 Re8 13. Nfd2 Nd4 14. c3 Ne6 15.
Qc2 Nef4 16. gxf4 Nxf4 17. Ne4 Nxg2 18. Kxg2 Qd5 19. Nb6 Qc6 20. Nxc8 Rbxc8 21.
f3 f5 22. Ng5 e6 23. Qa4 h6 24. Qxc6 Rxc6 25. Nh3 Rd6 26. Nf2 g5 27. Be3 Rc8
28. f4 g4 29. Red1 Bf8 30. Ra4 Rd5 31. Rc4 Rcd8 32. d4 h5 33. Re1 h4 34. dxc5
h3+ 35. Kf1 Kf7 36. Bd4 Rc8 37. Nd3 Be7 38. Rb4 Rg8 39. Ne5+ Ke8 40. Re3 Bxc5
41. Bxc5 Rd1+ 42. Ke2 Rh1 43. Rxb7 Rxh2+ 44. Kd3 Kd8 45. Bd6 1-0

[Event "II Festival A"]
[Site "Bisaccia ITA"]
[Date "2010.06.02"]
[Round "7"]
[White "Cardone, Andrea"]
[Black "Varvaglione, Antonio"]
[Result "0-1"]
[WhiteElo "1503"]
[BlackElo "1905"]
[PlyCount "96"]
[EventDate "2010.05.29"]

1. d4 Nf6 2. c4 g6 3. Nc3 Bg7 4. e4 d6 5. Be2 O-O 6. Be3 e5 7. d5 Na6 8. h3 Nc5
9. Bxc5 dxc5 10. Nf3 Ne8 11. O-O Nd6 12. Nd2 f5 13. Bf3 fxe4 14. Ncxe4 b6 15.
Nxd6 cxd6 16. Rb1 Rf4 17. Ne4 Qf8 18. Qe2 Bxh3 19. Ng5 Bf5 20. Be4 Bxe4 21.
Nxe4 Qe7 22. g3 Rf5 23. Kg2 Raf8 24. Qg4 Qd7 25. Qe2 h6 26. a3 g5 27. Rbc1 g4
28. Rc2 Rf3 29. Rh1 R8f7 30. Qe1 Bf8 31. Rc3 Qf5 32. Rc2 Rd3 33. Qe2 Rd4 34.
Re1 Qg6 35. Rd2 Rf3 36. Rxd4 exd4 37. Nd2 Rf7 38. Ne4 h5 39. Rd1 Be7 40. Rd3
Bg5 41. Nxg5 Qxg5 42. Qe4 Qf5 43. Qe2 Qf6 44. Rd2 Qf3+ 45. Qxf3 Rxf3 46. Kf1
Kf7 47. Ke2 Rb3 48. Rc2 d3+ 0-1

[Event "II Festival A"]
[Site "Bisaccia ITA"]
[Date "2010.06.02"]
[Round "7"]
[White "Carnicelli, Valerio"]
[Black "Franciosi, Fausto"]
[Result "1/2-1/2"]
[WhiteElo "1821"]
[BlackElo "1967"]
[PlyCount "26"]
[EventDate "2010.05.29"]

1. e4 d6 2. d4 Nf6 3. Nc3 e5 4. Nf3 Nbd7 5. Bc4 Be7 6. O-O O-O 7. h3 c6 8. a4
a5 9. Re1 Nb6 10. Bf1 exd4 11. Nxd4 d5 12. exd5 Nbxd5 13. Nxd5 Nxd5 1/2-1/2

[Event "II Festival A"]
[Site "Bisaccia ITA"]
[Date "2010.06.02"]
[Round "7"]
[White "Ciavarra, Luigi"]
[Black "Celli, Dario"]
[Result "1-0"]
[WhiteElo "1960"]
[BlackElo "2104"]
[PlyCount "63"]
[EventDate "2010.05.29"]

1. d4 d5 2. c4 e6 3. Nf3 c6 4. Nc3 dxc4 5. a4 Bb4 6. Bd2 a5 7. e4 b5 8. axb5
Bxc3 9. Bxc3 cxb5 10. b3 Bb7 11. d5 Nf6 12. Bxf6 gxf6 13. bxc4 b4 14. Nd4 Qe7
15. Be2 Nd7 16. O-O Nc5 17. Bh5 O-O 18. Re1 Kh8 19. Nb3 Nxb3 20. Qxb3 Qc5 21.
Re3 e5 22. Rf3 a4 23. Rxa4 Rxa4 24. Qxa4 Ra8 25. Qd1 Qxc4 26. h3 Qxe4 27. Bxf7
Rd8 28. d6 Qc6 29. Rg3 Qd7 30. Bb3 Qf5 31. d7 Qf4 32. Rg8+ 1-0

[Event "II Festival A"]
[Site "Bisaccia ITA"]
[Date "2010.06.02"]
[Round "7"]
[White "Colucci, Stefano"]
[Black "Gentile, Leonardo"]
[Result "1-0"]
[WhiteElo "1994"]
[BlackElo "1816"]
[PlyCount "35"]
[EventDate "2010.05.29"]

1. e4 e5 2. Nf3 Nc6 3. Bb5 d6 4. d4 exd4 5. Bxc6+ bxc6 6. Qxd4 c5 7. Qd3 Be7 8.
Nc3 c6 9. O-O a5 10. Rd1 Bg4 11. h3 Bxf3 12. Qxf3 Qc7 13. Bf4 O-O-O 14. a3 f6
15. b4 g5 16. Bh2 Nh6 17. bxc5 dxc5 18. Bxc7 1-0

[Event "II Festival A"]
[Site "Bisaccia ITA"]
[Date "2010.06.02"]
[Round "7"]
[White "Epishin, Vladimir V."]
[Black "Tratar, Marko"]
[Result "1/2-1/2"]
[WhiteElo "2611"]
[BlackElo "2507"]
[PlyCount "57"]
[EventDate "2010.05.29"]

1. d4 Nf6 2. Nf3 e6 3. c4 Bb4+ 4. Bd2 Qe7 5. g3 Nc6 6. Nc3 O-O 7. Bg2 Na5 8. b3
b6 9. O-O Bb7 10. Re1 Rac8 11. Ne5 Bxg2 12. Kxg2 c5 13. dxc5 Bxc5 14. Nd3 d5
15. Nxc5 Qxc5 16. cxd5 Nxd5 17. Nxd5 Qxd5+ 18. e4 Qb5 19. Rc1 Nc6 20. Re3 Ne7
21. a4 Qd7 22. Bb4 Qb7 23. Bxe7 Qxe7 24. Rec3 Rxc3 25. Rxc3 Rd8 26. Qc2 h6 27.
Rc7 Rd7 28. Rc8+ Rd8 29. Rc7 1/2-1/2

[Event "II Festival A"]
[Site "Bisaccia ITA"]
[Date "2010.06.02"]
[Round "7"]
[White "Grasso, Nino"]
[Black "Bove, Raffaele"]
[Result "0-1"]
[WhiteElo "1942"]
[BlackElo "1910"]
[PlyCount "106"]
[EventDate "2010.05.29"]

1. e4 c5 2. d4 cxd4 3. c3 d3 4. Bxd3 Nc6 5. Nf3 d6 6. h3 g6 7. O-O Bg7 8. Nbd2
Nf6 9. a4 O-O 10. Nc4 Nd7 11. Bf4 Nc5 12. Bc2 a6 13. a5 Rb8 14. Ra3 Be6 15.
Nfd2 Na7 16. b4 Bxc4 17. Nxc4 Ne6 18. Bd2 Nb5 19. Rb3 Rc8 20. Bd3 Rc6 21. Qe2
Qc7 22. f4 Nbd4 23. cxd4 Nxd4 24. Qd1 Rxc4 25. Bxc4 Qxc4 26. Rb1 Ne2+ 27. Kf2
Bd4+ 28. Ke1 Ng3 29. Rf3 Nxe4 30. Qc1 Qe6 31. Qc2 d5 32. g4 Qf6 33. Be3 Bc3+
34. Kf1 Bxb4 35. Qa2 e6 36. Qa4 Bd6 37. Bd4 e5 38. Be3 exf4 39. Bd4 Qh4 40. Kg2
Ng5 41. Bf6 Qh6 42. Bxg5 Qxg5 43. Qb3 h5 44. Kf2 hxg4 45. hxg4 Qxg4 46. Qc3 Re8
47. Rh1 Be5 48. Qd3 Rc8 49. Re1 Rc3 50. Qxd5 Rc2+ 51. Re2 Qh4+ 52. Rg3 Qxg3+
53. Kf1 Rc1+ 0-1

[Event "II Festival A"]
[Site "Bisaccia ITA"]
[Date "2010.06.02"]
[Round "7"]
[White "Laketic, Gojko"]
[Black "Quimi, Marco"]
[Result "1-0"]
[WhiteElo "2453"]
[BlackElo "2163"]
[PlyCount "37"]
[EventDate "2010.05.29"]

1. d4 Nf6 2. c4 c6 3. Nc3 g6 4. e4 d6 5. Nf3 Bg7 6. Be2 O-O 7. O-O Bg4 8. h3
Bxf3 9. Bxf3 Nbd7 10. Be3 e5 11. Qd2 exd4 12. Bxd4 Qc7 13. Rad1 Rad8 14. Qc2
Nc5 15. e5 Nfd7 16. exd6 Qc8 17. Bxg7 Kxg7 18. b4 Ne6 19. c5 1-0

[Event "II Festival A"]
[Site "Bisaccia ITA"]
[Date "2010.06.02"]
[Round "7"]
[White "Lattanzio, Savino"]
[Black "Consalvo, Gerardo"]
[Result "1-0"]
[WhiteElo "2025"]
[BlackElo "2013"]
[PlyCount "89"]
[EventDate "2010.05.29"]

1. d4 f5 2. g3 e6 3. Bg2 Nf6 4. Nd2 d5 5. e3 c6 6. Ne2 Bd6 7. O-O O-O 8. c4 Qe8
9. Nc3 Nbd7 10. Rb1 Kh8 11. b4 Ne4 12. Ncxe4 fxe4 13. f3 exf3 14. Bxf3 Nf6 15.
e4 dxe4 16. Nxe4 Bc7 17. Nxf6 Rxf6 18. Bg5 Rf5 19. Bh5 g6 20. Bf6+ Rxf6 21.
Rxf6 Kg7 22. Qf3 Bd8 23. Rf1 Bxf6 24. Qxf6+ Kg8 25. Bg4 Bd7 26. h4 e5 27. Bxd7
Qxd7 28. Qxe5 Rd8 29. Rf4 Re8 30. Qf6 Qe7 31. Qxe7 Rxe7 32. Kf2 Kg7 33. g4 h6
34. g5 hxg5 35. hxg5 Re8 36. a4 a6 37. Kf3 Re1 38. Re4 Rf1+ 39. Ke3 Rf5 40.
Re7+ Kg8 41. Rxb7 Rxg5 42. Rb6 Rf5 43. Rxc6 Kf7 44. Rxa6 g5 45. Ra5 1-0

[Event "II Festival A"]
[Site "Bisaccia ITA"]
[Date "2010.06.02"]
[Round "7"]
[White "Lazic, Miroljub"]
[Black "Caprio, Guido"]
[Result "1-0"]
[WhiteElo "2494"]
[BlackElo "2224"]
[PlyCount "61"]
[EventDate "2010.05.29"]

1. g3 e5 2. c4 Nc6 3. Nc3 g6 4. Bg2 Bg7 5. e3 d6 6. Nge2 Nh6 7. Rb1 O-O 8. b4
Be6 9. d3 a6 10. a4 Qd7 11. b5 axb5 12. axb5 Nd8 13. Nd5 Bh3 14. Bxh3 Qxh3 15.
Nxc7 Ne6 16. Nxa8 Ng5 17. Kd2 Rxa8 18. e4 Qg2 19. Kc2 Nh3 20. Bxh6 Nxf2 21. Qf1
Qf3 22. Nc3 Bxh6 23. Rg1 Qe3 24. Rg2 Qd2+ 25. Kb3 Ra3+ 26. Kxa3 Qxc3+ 27. Rb3
Qa5+ 28. Kb2 Qd2+ 29. Kb1 Be3 30. Rb2 Qxd3+ 31. Qxd3 1-0

[Event "II Festival A"]
[Site "Bisaccia ITA"]
[Date "2010.06.02"]
[Round "7"]
[White "Martorelli, Antonio"]
[Black "Dragojlovic, Andjelko"]
[Result "1-0"]
[WhiteElo "2259"]
[BlackElo "2403"]
[PlyCount "61"]
[EventDate "2010.05.29"]

1. e4 c5 2. Nf3 g6 3. d4 cxd4 4. Nxd4 Bg7 5. Nc3 Nc6 6. Be3 Nf6 7. Bc4 Qa5 8.
O-O O-O 9. Nb3 Qc7 10. f4 d6 11. Be2 Be6 12. Bf3 Rac8 13. Nd5 Bxd5 14. exd5 Na5
15. Nxa5 Qxa5 16. c3 b5 17. a4 b4 18. cxb4 Qxb4 19. Bxa7 Nd7 20. Be2 Qxb2 21.
Rb1 Qa2 22. Bb5 Rc2 23. Rf2 Rxf2 24. Bxf2 Nc5 25. Rc1 Qa3 26. Rb1 h5 27. Qc2
Ra8 28. Bc6 Rc8 29. h3 Qd3 30. Qxd3 Nxd3 31. Be3 1-0

[Event "II Festival A"]
[Site "Bisaccia ITA"]
[Date "2010.06.02"]
[Round "7"]
[White "Minikh, Edouard"]
[Black "Passerotti, Pierluigi"]
[Result "0-1"]
[WhiteElo "2041"]
[BlackElo "2258"]
[PlyCount "66"]
[EventDate "2010.05.29"]

1. d4 f5 2. Nf3 Nf6 3. g3 e6 4. Bg2 d5 5. c4 c6 6. O-O Bd6 7. b3 Qe7 8. Bb2 O-O
9. Nbd2 b6 10. Qc2 g6 11. Ne5 Bb7 12. Ndf3 Na6 13. a3 Rac8 14. b4 c5 15. dxc5
bxc5 16. b5 Nb8 17. a4 d4 18. Nd3 e5 19. Nfe1 e4 20. Nc1 Nbd7 21. Nb3 Ne5 22.
Na5 Ba8 23. Bc1 Qc7 24. Bd2 Nfg4 25. Ra3 e3 26. Bxa8 Rxa8 27. fxe3 dxe3 28. Bc3
Nxh2 29. Kxh2 Ng4+ 30. Kg2 Bxg3 31. Nc6 Bf2 32. Rh1 Qg3+ 33. Kf1 Nh2+ 0-1

[Event "II Festival A"]
[Site "Bisaccia ITA"]
[Date "2010.06.02"]
[Round "7"]
[White "Paduano, Gennaro"]
[Black "Rossetti, Giovanni"]
[Result "1-0"]
[WhiteElo "1946"]
[BlackElo "1903"]
[PlyCount "81"]
[EventDate "2010.05.29"]

1. e4 d6 2. d4 g6 3. Nc3 Bg7 4. Be3 Nf6 5. f3 O-O 6. Qd2 e5 7. O-O-O exd4 8.
Bxd4 Nc6 9. Be3 Re8 10. h4 h5 11. a3 Ne5 12. Bg5 Be6 13. Be2 Qc8 14. Nh3 a6 15.
Nf4 Bc4 16. Nfd5 Nxd5 17. Nxd5 Bxd5 18. Qxd5 Qe6 19. Qd2 Qa2 20. Qb4 c5 21. Qb3
Qxb3 22. cxb3 f6 23. Be3 Bf8 24. Bf4 b5 25. Rhg1 Ra7 26. Bxe5 Rxe5 27. g4 Kf7
28. a4 Rb7 29. f4 Re8 30. gxh5 gxh5 31. Bxh5+ Ke7 32. Bxe8 Kxe8 33. Rg6 Rh7 34.
Re1 Kf7 35. f5 Bh6+ 36. Kc2 Bf4 37. h5 b4 38. Kd3 Be5 39. Kc4 Ke7 40. Kd5 Kd7
41. Reg1 1-0

[Event "II Festival A"]
[Site "Bisaccia ITA"]
[Date "2010.06.02"]
[Round "7"]
[White "Piscopo, Pierluigi"]
[Black "Seletsky, Grigory"]
[Result "1/2-1/2"]
[WhiteElo "2426"]
[BlackElo "2337"]
[PlyCount "43"]
[EventDate "2010.05.29"]

1. e4 c5 2. Nc3 Nc6 3. Nf3 e5 4. Bc4 d6 5. d3 Be7 6. a3 Nf6 7. Nd2 O-O 8. Nf1
Ne8 9. h4 Nc7 10. Ne3 Be6 11. Ncd5 Qd7 12. c3 Bd8 13. h5 h6 14. g4 Bg5 15. Nxc7
Qxc7 16. Nf5 Bxc1 17. Qxc1 Qd8 18. Rg1 Bxf5 19. gxf5 Kh7 20. Qe3 Qf6 21. O-O-O
Rab8 22. Bd5 1/2-1/2

[Event "II Festival A"]
[Site "Bisaccia ITA"]
[Date "2010.06.02"]
[Round "7"]
[White "Rotelli, Pietro"]
[Black "Galasso, Luigi"]
[Result "1/2-1/2"]
[WhiteElo "1993"]
[BlackElo "2051"]
[PlyCount "64"]
[EventDate "2010.05.29"]

1. d4 Nf6 2. c4 g6 3. Nc3 Bg7 4. e4 d6 5. f3 O-O 6. Be3 c5 7. Nge2 Nc6 8. d5
Ne5 9. Nc1 e6 10. Be2 exd5 11. cxd5 a6 12. a4 Bd7 13. O-O b5 14. axb5 axb5 15.
Rxa8 Qxa8 16. Nxb5 Bxb5 17. Bxb5 Qa5 18. Qa4 Qxa4 19. Bxa4 Ra8 20. b3 c4 21.
Bd4 cxb3 22. Bxb3 Nfd7 23. Rd1 Rc8 24. f4 Nf3+ 25. gxf3 Bxd4+ 26. Rxd4 Rxc1+
27. Kg2 Rc3 28. Ba4 Nc5 29. Bb5 Rb3 30. Bf1 Kf8 31. Kg3 f6 32. f5 g5 1/2-1/2

[Event "II Festival A"]
[Site "Bisaccia ITA"]
[Date "2010.06.02"]
[Round "7"]
[White "Salvador, Roland"]
[Black "Aleksic, Nenad"]
[Result "1-0"]
[WhiteElo "2485"]
[BlackElo "2372"]
[PlyCount "51"]
[EventDate "2010.05.29"]

1. d4 Nf6 2. Nf3 b6 3. g3 Bb7 4. c4 e6 5. Bg2 Be7 6. O-O O-O 7. Re1 Qc8 8. Bg5
h6 9. Bxf6 Bxf6 10. e4 d6 11. Nc3 Nd7 12. Qc2 c6 13. e5 Be7 14. exd6 Bxd6 15.
c5 Be7 16. Ne4 Qc7 17. b4 Rfd8 18. h4 Nf6 19. a3 a5 20. Bh3 axb4 21. axb4 Ba6
22. Ne5 bxc5 23. Nxf7 Kxf7 24. Bxe6+ Kf8 25. Nxf6 Bxf6 26. Qh7 1-0